Použitie metódy testovania zisku pri oceňovaní produktov a ohodnocovaní rezerv v životnom poistení

Poistno-matematické kalkulácie s účelom odhadu ziskovosti produktu životného poistenia a adekvátnej výšky technických rezerv, teda solventnosti. Analýza senzitivity zisku produktu na základe zmeny predpokladov. Praktická demonštrácia na príklade dotácie - najčastejšej formy poistného kontraktu. Mode...

Descrizione completa

Salvato in:
Dettagli Bibliografici
Autore principale: Ondrejková Krčová, Ingrid, 1969-
Natura: Capitolo di libro
Lingua:slovacco
Soggetti:
Tags: Aggiungi Tag
Nessun Tag, puoi essere il primo ad aggiungerne!!

MARC

LEADER 00000naa$a2200000$$$4500
001 0180746
005 20240502073105.0
041 0 |a slo 
044 |a SK 
245 1 0 |a Použitie metódy testovania zisku pri oceňovaní produktov a ohodnocovaní rezerv v životnom poistení  |c Ingrid Ondrejková Krčová 
520 |a Poistno-matematické kalkulácie s účelom odhadu ziskovosti produktu životného poistenia a adekvátnej výšky technických rezerv, teda solventnosti. Analýza senzitivity zisku produktu na základe zmeny predpokladov. Praktická demonštrácia na príklade dotácie - najčastejšej formy poistného kontraktu. Modelový príklad pre test dostatočnosti rezerv. 
610 2 0 |a poistenie životné 
610 2 0 |a zisk kapitálový 
610 2 0 |a rezervy technické 
610 2 0 |a testovanie výrobkov 
610 2 0 |a dotácie 
100 1 |a Ondrejková Krčová, Ingrid, 1969-